000 00943nas a2200289 4500
001 BR8101968
003 BR-BrBNA
005 20231205084618.0
007 ta
008 230509b bl.|||p| |||| 00| 00por d
040 _aBR-BrBNA
_bpor
_cBiblioteca Nacional de Agricultura
041 _a(Pt)
072 _aL70
100 1 _aSturion, D.J.
100 1 _aSusko, I.
100 1 _aWOUK, A.F.P. de F.
100 1 _aPippi, N.L.
245 1 _aArtrografia com duplo contraste em joelhos (Articulatio genus)em caes [Canis familiaris; Brasil]
246 1 _aDouble - contrast arthrography of the knees (Articulatio genus)in dogs [Canis familiaris; Brazil]
650 _aVeterinaria
650 _aCao
650 _aArtropatia
650 _aJoelho
773 0 _tRevista do Centro de Ciencias Rurais (Brazil)
_xISSN 0085-5901
_g(Sep 1980), v. 10(3) p. 211-218
_wBR8101968
909 _a202311
_bLúcia
_c55
_dLúcia Elande
942 _2AGRIS
_n0
_cANA
999 _c106247
_d106247